[Event "NIT Nagpur GM Open 2012"]
[Site "Nagpur IND"]
[Date "2012.10.23"]
[Round "11.5"]
[White "Stany, G."]
[Black "Grover, S."]
[Result "0-1"]
[WhiteElo "2404"]
[BlackElo "2516"]
[PlyCount "128"]
[EventDate "2012.10.16"]

1. e4 e6 2. b3 d5 3. Bb2 dxe4 4. Nc3 Nf6 5. g4 h6 6. Bg2 e5 7. Nxe4 Nc6 8.
Nxf6+ Qxf6 9. Qe2 Be7 10. h3 Nd4 11. Qe4 Bd7 12. Qxb7 O-O 13. Bxd4 exd4 14. Qf3
Rae8 15. Qxf6 Bxf6+ 16. Kd1 d3 17. Rc1 Bb2 18. Rb1 Re1+ 19. Kxe1 dxc2 20. Rd1
Re8+ 21. Ne2 Bb5 22. Bf1 a5 23. Rg1 a4 24. Rg3 axb3 25. axb3 Ra8 26. Re3 f5 27.
Nc3 Bxc3 28. Bxb5 Ra1 29. Be2 Bf6 30. Bc4+ Kf8 31. Rxa1 Bxa1 32. Rf3 c1=Q+ 33.
Ke2 Ke7 34. Rxf5 Bf6 35. Rf3 c5 36. Re3+ Kd6 37. f4 Qg1 38. f5 Bg5 39. Rd3+ Ke5
40. Bb5 Bh4 41. Re3+ Kf4 42. Bc4 Bg3 43. Bd5 Qh2+ 44. Kd3 Qxh3 45. Re4+ Kg5 46.
Kc4 Bd6 47. d3 Qh2 48. Kb5 Bf4 49. Re6 Kxg4 50. Rg6+ Kxf5 51. Rxg7 Be3 52. Be4+
Kf6 53. Rg6+ Kf7 54. Rb6 h5 55. Bd5+ Kg7 56. Rb7+ Kh6 57. Re7 Bd4 58. Re6+ Kg5
59. Re8 h4 60. Rg8+ Kf4 61. Be6 Ke3 62. Bf5 Qc7 63. Be4 c4 64. bxc4 Qb6+ 0-1